000 00775nam a2200241Ia 4500
003 OSt
005 20220923222936.0
006 a|||||r|||| 00| 0
007 ta
008 220922b |||||||| |||| 00| 0 hin d
024 _a208,884
037 _cTextual
040 _aARTS
_cARTS
_bhin
041 _2hin
_ahin
082 _aO152,3N48,1, M1-;1
100 _aशाह, अशोक के, प्रतीक
_9167232
245 0 _aप्रेम कभी मरता नहीं
246 _aPrem kabhī maratā nahīan
260 _aमथुरा
_b अमर प्रका0
_c1981
300 _a304पृ.
_ccm.
942 _hO152,3N48,1, M1-;1
_cTEXL
_2CC
999 _c359471
_d359471